[Event "GER T319-B32-S email"]
[Site "GER email"]
[Date "2020.12.18"]
[Round "?"]
[White "Fischer, Jens"]
[Black "Hoexter, Heinrich"]
[Result "1/2-1/2"]
[WhiteElo "1858"]
[BlackElo "2053"]
[PlyCount "40"]
[EventDate "2020.12.18"]
[EventType "tourn (corr)"]
[EventRounds "8"]
[EventCountry "GER"]
[SourceTitle "Corr 2024"]
[Source "ChessBase"]
[SourceDate "2023.10.19"]
[SourceVersion "1"]
[SourceVersionDate "2023.10.19"]
[SourceQuality "1"]

1. e4 c5 2. Nf3 Nc6 3. d4 cxd4 4. Nxd4 g6 5. Nc3 Bg7 6. Be3 Nf6 7. Bc4 0-0 8. Bb3 d6 9. f3 Bd7 10. Qd2 Nxd4 11. Bxd4 b5 12. a4 bxa4 13. Bxa4 Qc7 14. Bxd7 Qxd7 15. 0-0 Rfc8 16. b3 Qc7 17. Ra4 e5 18. Rc4 Qa5 19. Ra4 Qc7 20. Rc4 Qa5 1/2-1/2

[Event "GER T315-B12-S email"]
[Site "GER email"]
[Date "2020.11.12"]
[Round "?"]
[White "Hoexter, Heinrich"]
[Black "Leidner, Matthias"]
[Result "1/2-1/2"]
[WhiteElo "2053"]
[BlackElo "1482"]
[PlyCount "27"]
[EventDate "2020.11.12"]
[EventType "tourn (corr)"]
[EventRounds "8"]
[EventCountry "GER"]
[SourceTitle "Corr 2024"]
[Source "ChessBase"]
[SourceDate "2023.10.19"]
[SourceVersion "1"]
[SourceVersionDate "2023.10.19"]
[SourceQuality "1"]

1. e4 c6 2. d4 d5 3. e5 Bf5 4. h4 h6 5. Bd3 Bxd3 6. Qxd3 e6 7. Nf3 Nd7 8. c3 c5 9. 0-0 Ne7 10. b4 cxd4 11. cxd4 Nc6 12. a3 Rc8 13. Nbd2 Be7 14. Nb3 1/2-1/2

[Event "GER T315-B12-S email"]
[Site "GER email"]
[Date "2020.11.12"]
[Round "?"]
[White "Hoexter, Heinrich"]
[Black "Muehlhauser, Matthias"]
[Result "1/2-1/2"]
[WhiteElo "2053"]
[BlackElo "1520"]
[PlyCount "91"]
[EventDate "2020.11.12"]
[EventType "tourn (corr)"]
[EventRounds "8"]
[EventCountry "GER"]
[SourceTitle "Corr 2024"]
[Source "ChessBase"]
[SourceDate "2023.10.19"]
[SourceVersion "1"]
[SourceVersionDate "2023.10.19"]
[SourceQuality "1"]

1. e4 c6 2. d4 d5 3. e5 Bf5 4. Nf3 e6 5. Be2 c5 6. Be3 cxd4 7. Nxd4 Ne7 8. Nd2 Nbc6 9. N2f3 Be4 10. 0-0 Ng6 11. Bb5 Qc7 12. Ng5 Ngxe5 13. c4 a6 14. Ba4 0-0-0 15. Bxc6 bxc6 16. Rc1 h6 17. Ngxe6 fxe6 18. Nxe6 Qd6 19. Nxd8 Kxd8 20. f3 Bd3 21. c5 Qd7 22. Re1 Bf5 23. Rc3 Be7 24. Bf2 Bf6 25. Bg3 d4 26. Ra3 Qd5 27. Rxa6 d3 28. Ra8+ Bc8 29. Qb3 Qxb3 30. axb3 Re8 31. f4 d2 32. Rd1 Ng4 33. Rxd2+ Kc7 34. Rd1 Re3 35. f5+ Be5 36. Bxe5+ Rxe5 37. b4 Rxf5 38. h3 Nf6 39. Re1 Nd5 40. Re8 Bb7 41. Rf8 Bxa8 42. Rxf5 Nf6 43. g4 Kd7 44. g5 hxg5 45. Rxg5 Ne8 46. Re5 1/2-1/2

[Event "GER T312-B70-S email"]
[Site "GER email"]
[Date "2020.10.07"]
[Round "?"]
[White "Frotscher, Thomas"]
[Black "Hoexter, Heinrich"]
[Result "1/2-1/2"]
[WhiteElo "2188"]
[BlackElo "2053"]
[PlyCount "123"]
[EventDate "2020.10.07"]
[EventType "tourn (corr)"]
[EventRounds "8"]
[EventCountry "GER"]
[SourceTitle "Corr 2024"]
[Source "ChessBase"]
[SourceDate "2023.10.19"]
[SourceVersion "1"]
[SourceVersionDate "2023.10.19"]
[SourceQuality "1"]

1. e4 c5 2. Nf3 d6 3. d4 cxd4 4. Nxd4 Nf6 5. Nc3 g6 6. Be3 Bg7 7. f3 0-0 8. Qd2 Nc6 9. 0-0-0 d5 10. exd5 Nxd5 11. Nxc6 bxc6 12. Bd4 Bxd4 13. Qxd4 Qb6 14. Na4 Qc7 15. Bc4 Rd8 16. Nc5 Bf5 17. Bb3 Nf4 18. Qf2 Rxd1+ 19. Rxd1 Rd8 20. Rxd8+ Qxd8 21. g4 Bc8 22. a4 e5 23. Qe3 Qe7 24. Kb1 h6 25. a5 Kg7 26. Bc4 Ng2 27. Qg1 Nf4 28. b4 h5 29. gxh5 Nxh5 30. Kb2 Nf4 31. Bb3 Nd5 32. c3 Bf5 33. Qe1 Nf4 34. Qe3 Qd6 35. Ba4 Ng2 36. Qe2 Nf4 37. Qd1 Qc7 38. Qd2 Be6 39. Na6 Qc8 40. Nc5 Qc7 41. Nxe6+ Nxe6 42. Qd3 Nf4 43. Qe4 c5 44. Qc6 Qd8 45. Qd7 Qh4 46. Bb3 Kh6 47. Qd2 cxb4 48. cxb4 Qe7 49. Ka3 f5 50. Bc4 Qc7 51. Kb3 Kh5 52. b5 Qe7 53. b6 axb6 54. axb6 Ne6 55. Qd5 Nd4+ 56. Ka4 Nc2 57. Kb5 Qb4+ 58. Ka6 Qa4+ 59. Kb7 Ne3 60. Bb3 Nxd5 61. Bxa4 e4 62. fxe4 1/2-1/2

[Event "GER T312-B70-S email"]
[Site "GER email"]
[Date "2020.10.07"]
[Round "?"]
[White "Wernitz, Helmut"]
[Black "Hoexter, Heinrich"]
[Result "1-0"]
[WhiteElo "1827"]
[BlackElo "2053"]
[PlyCount "40"]
[EventDate "2020.10.07"]
[EventType "tourn (corr)"]
[EventRounds "8"]
[EventCountry "GER"]
[SourceTitle "Corr 2024"]
[Source "ChessBase"]
[SourceDate "2023.10.19"]
[SourceVersion "1"]
[SourceVersionDate "2023.10.19"]
[SourceQuality "1"]

1. e4 c5 2. Nf3 d6 3. d4 cxd4 4. Nxd4 Nf6 5. Nc3 g6 6. Be3 Bg7 7. f3 a6 8. Qd2 Nbd7 9. Bc4 b5 10. Bb3 Bb7 11. Bh6 0-0 12. Bxg7 Kxg7 13. 0-0-0 Rc8 14. Kb1 h5 15. a3 Rc5 16. Rhe1 Qa5 17. Qc1 Qd8 18. h3 Qc7 19. Nd5 Nxd5 20. Nf5+ gxf5 1-0

[Event "GER T296-B97-S email"]
[Site "GER email"]
[Date "2019.05.03"]
[Round "?"]
[White "Hoexter, Heinrich"]
[Black "Schulz, Guenter"]
[Result "1/2-1/2"]
[WhiteElo "2053"]
[BlackElo "2190"]
[PlyCount "33"]
[EventDate "2019.05.10"]
[EventType "tourn (corr)"]
[EventRounds "8"]
[EventCountry "GER"]
[SourceTitle "Corr 2022"]
[Source "ChessBase"]
[SourceDate "2021.10.24"]
[SourceVersion "1"]
[SourceVersionDate "2021.10.24"]
[SourceQuality "1"]

1. e4 c5 2. Nf3 d6 3. d4 cxd4 4. Nxd4 Nf6 5. Nc3 a6 6. Bg5 e6 7. f4 Qb6 8. Qd2 Qxb2 9. Rb1 Qa3 10. e5 h6 11. Bh4 dxe5 12. fxe5 g5 13. exf6 gxh4 14. Be2 e5 15. Nd5 exd4 16. Nc7+ Kd8 17. Nxa8 1/2-1/2